U.S. International Trade Laws 1989

Enregistré dans:
Détails bibliographiques
Autres auteurs: Stowell, Alan M.
Format: Livre
Langue:anglais
Publié: Washington Bureau of National Affairs 1989
Édition:1. ed.
Tags: Ajouter un tag
Pas de tags, Soyez le premier à ajouter un tag!

MARC

LEADER 00000nam a2200000 4500
001 c024144
005 20221215114553.6
041 0 |a eng 
044 |a US 
245 1 0 |a U.S. International Trade Laws 1989  |c Edit. Alan M. Stowell 
250 |a 1. ed. 
264 1 |a Washington  |b Bureau of National Affairs  |c 1989 
300 |a 730 s. 
700 1 |a Stowell, Alan M.